April Fools' Quiz #4 - Statistics

General Stats
  • This quiz has been taken 25,574 times
    13,257 since last reset
  • The average score is 12 of 20
Answer Stats
Question Answer % Correct
In what country were fortune cookies invented? China
96%
What is blue when inside your body, only becoming red when exposed to air? Blood
90%
Who was the first European to discover North America? Christopher Columbus
77%
What spicy green paste can be found at most sushi restaurants? Wasabi
77%
What common Medieval torture device was a metal cabinet with spikes on the inside? {Iron} Maiden
74%
What type of cells are killed by alcohol consumption? Brain
72%
What non-violent leader overturned apartheid? Nelson Mandela
70%
What country's capital is Monte Carlo? Monaco
62%
Petroleum is made from the remains of what creatures? Dinosaurs
61%
What is vodka usually made from? Potatos
60%
What well-known brand of cookies did Hydrox blatantly copy? Oreos
55%
What brand of cream-filled desert has a shelf life of over 100 years? Twinkie
52%
What is the word for a young horse? Pony
50%
Who was the first person to be born by Caesarean section? Julius Caesar
49%
Who invented the lightbulb while working for Edison - but had his invention stolen? Nikola Tesla
46%
What country does Häagen-Dazs ice cream come from? Denmark
45%
In what modern-day country would you find the birthplace of Alexander the Great? Macedonia
41%
What's the most popular brand of beer in Australia? Foster's
39%
What type of word should one never end a sentence with? Preposition
38%
What was the capital of the Incan Empire? Machu Picchu
37%
No matching quizzes found
Score Distribution
Percent of People with Each Score
Percentile by Number Answered
Your Score History
You have not taken this quiz since the last reset